| 000 | 00609cam a22002053a 4500 | ||
|---|---|---|---|
| 001 | 44088 | ||
| 003 | PGUSA | ||
| 005 | 20140828084014.0 | ||
| 008 | 131101s2013||||xxu|||||s|||||000 | eng d | ||
| 040 |
_aPGUSA _beng |
||
| 042 | _adc | ||
| 100 | 1 |
_aHarting, Pieter, _d1812-1885 |
|
| 245 | 1 | 0 |
_aHet Eiland Urk : _bZijn Bodem, voortbrengselen en bewoners _h[electronic resource] / _cPieter Harting |
| 260 |
_bProject Gutenberg, _c2013 |
||
| 506 | _aPublic domain in the USA. | ||
| 516 | _aElectronic text | ||
| 830 | 0 |
_aProject Gutenberg _v44088 |
|
| 856 | 4 | 0 | _uhttp://www.gutenberg.org/ebooks/44088 |
| 942 | _cEB | ||
| 999 |
_c273339 _d273339 |
||